| 000 | 00950cam a2200157 4500500 | ||
|---|---|---|---|
| 005 | 20260111085607.0 | ||
| 041 | _afre | ||
| 042 | _adc | ||
| 100 | 1 | 0 |
_aLoizillon, Victor _eauthor |
| 245 | 0 | 0 | _aImre Kertész, Le spectateur, Notes 1991-2001. Traduit du hongrois par Natalia Zaremba-Huzsvai et Charles Zaremba. Préface de Clara Royer. Actes Sud, « Lettres hongroises », 2023, 272 pages, 22,80 € |
| 260 | _c2024. | ||
| 500 | _a72 | ||
| 520 | _aLa Fondation Barbier-Mueller, à Genève, met à l’honneur le peuple méconnu des Chepang par une exposition de photographies, complétée par la présentation de magnifiques objets ethniques en provenance du Sud-Himalaya. Le livre Cent ans d’art en Chine, de Christophe Comentale, offre un intéressant comparatif. | ||
| 786 | 0 | _nÉtudes | Mars | 3 | 2024-02-28 | p. 125b-144b | 0014-1941 | |
| 856 | 4 | 1 | _uhttps://shs.cairn.info/revue-etudes-2024-3-page-125b?lang=fr&redirect-ssocas=7080 |
| 999 |
_c1618321 _d1618321 |
||